República Dominicana en juegos Centroamericanos y del Caribe (1946-2014) / Ministerio de Deportes (Record no. 7923)
[ view plain ]
| 000 -LEADER | |
|---|---|
| campo de control de longitud fija | 00429nam a2200133Ia 4500 |
| 001 - NÚMERO DE CONTROL | |
| campo de control | 4130 |
| 008 - DATOS DE LONGITUD FIJA--INFORMACIÓN GENERAL | |
| campo de control de longitud fija | 241024s9999 xx 000 0 und d |
| 082 ## - NÚMERO DE LA CLASIFICACIÓN DECIMAL DEWEY | |
| Número de clasificación | RD/796//R426r/1946-2014 |
| 100 ## - ENTRADA PRINCIPAL--NOMBRE DE PERSONA | |
| Nombre de persona | República Dominicana. Ministerio de Deportes |
| 245 #0 - MENCIÓN DEL TÍTULO | |
| Título | República Dominicana en juegos Centroamericanos y del Caribe (1946-2014) / Ministerio de Deportes |
| 260 ## - PUBLICACIÓN, DISTRIBUCIÓN, ETC. | |
| Nombre del editor, distribuidor, etc. | J. Cruz |
| Fecha de publicación, distribución, etc. | 1946 |
| 901 ## - ELEMENTOS DE DATOS A LOCAL LDA (RLIN) | |
| a | 8/8/2016 2:46:11 p.m. |
No items available.